000 00746nmm a2200277 a 4500
003 AR-BaBNM
005 20251128211212.0
008 193020s2001 ||||||||||||||000 | spa||
020 _a950-753-076-2
040 _cAR-BaBNM
100 1 _aAlvarado, Maite
245 1 0 _aEl lecturón dos mil
_bactividades de lectura
250 _a1ª ed.
260 _aBuenos Aires
_bCántaro
_c2001
300 _a175 p.
_bil.
521 _aEGB
650 4 _aENSEÑANZA DE LA LECTURA
650 4 _aPROMOCION DE LA LECTURA
650 4 _aLIBROS DE TEXTO
650 4 _aORIENTACION PARA LA LECTURA
650 4 _aACTIVIDADES DE LA CLASE
653 _aEDUCACION GENERAL BASICA
700 1 _aKaufman, Ruth
_ecolaborador
942 _cBK
998 _craquel
999 _c18694
_d18694